000 00526nam a22001937a 4500
005 20210423064058.0
008 210217b1975 ||||| |||| 00| 0 eng d
020 _a34524558195
040 _cDLC
080 _a821.111
_bS-86
100 _9945
_aStone.Robert
245 _aDog soldiers
_cStone.Robert
260 _aNev York
_bBalantine books
_c1975
300 _a339 p.:
365 _a1.95 USD
650 0 _9247
_aEnglish literature
653 _aინგლისური ლიტერატურა
942 _2udc
_cBK
999 _c1506
_d1506